[Event "Leiden Noteboom Memorial-A 72nd"]
[Site "Leiden"]
[Date "2012.02.17"]
[Round "1"]
[White "Westerduin, Philip"]
[Black "Guliyev, Namig"]
[Result "0-1"]
[WhiteElo "2088"]
[BlackElo "2545"]
[PlyCount "86"]
[EventDate "2012.02.17"]
[EventType "swiss"]
[EventRounds "6"]
[EventCountry "NED"]
[SourceTitle "CBM 147 Extra"]
[Source "ChessBase"]
[SourceDate "2012.04.24"]
[SourceVersion "1"]
[SourceVersionDate "2012.04.24"]
[SourceQuality "1"]

1. e4 c5 2. Nf3 d6 3. d4 cxd4 4. Nxd4 Nf6 5. Nc3 a6 6. h3 e6 7. g4 d5 8. exd5 Nxd5 9. Nde2 Bb4 10. Bd2 Nxc3 11. Bxc3 Bxc3+ 12. Nxc3 Qb6 13. Qd3 Qxb2 14. Rb1 Qa3 15. Bg2 0-0 16. 0-0 Nc6 17. Rfd1 Qe7 18. Qd6 Qxd6 19. Rxd6 h6 20. Bxc6 bxc6 21. Rxc6 Ra7 22. Rb8 Bd7 23. Rxf8+ Kxf8 24. Rc5 Ke7 25. f4 Rb7 26. Ne2 Rb2 27. a3 Kd6 28. Rc3 Ba4 29. Nd4 Kd5 30. Nb3 Bxb3 31. cxb3 Ke4 32. Rc4+ Kf3 33. b4 Rg2+ 34. Kh1 Ra2 35. Rc3+ Kxf4 36. Kg1 g5 37. Kf1 f5 38. gxf5 exf5 39. Ke1 g4 40. hxg4 fxg4 41. Rc6 h5 42. Rxa6 h4 43. Ra8 h3 0-1